00532nam a2200193 a 4500001001300000003000900013005001700022008004100039020001000080082001300090100002300103245007900126260003300205300000900238500003500247505001000282650002300292700002300315nice12345678IN_TiNIC20260116011544.0050524s1923 edia grp 000 0 eng  ac10000a229bFIN aFindlay, Adam Fyfe aByways in Early Christian Literatureb Sstudies in the Uncanonical Gospels aEdinburghbT & T Clarkc1923 a354p aincludes index and biblioraphy2 aIndex aApocryphal Gospels1 aFindlay, Adam Fyfe